000 00511nam a2200181Ia 4500
999 _c30043
_d30043
003 OSt
005 20210106092702.0
008 190216s9999||||xx |||||||||||||| ||und||
020 _a9788182646964
040 _coclc
082 _a894.8122
_bSAS/K
100 _aSashikumar
_98165
245 0 _aKayatharan /
_cSashikumar
260 _bMathrubhumi Printing And Publishing,
_c2009.
_aKozhikode:
300 _a93p
650 _aNadakam
942 _cBK
_2ddc
_h894.8122
_iSAS/K
_k894.8122
_mSAS/K